00508 a2200145 450000500170000002000180001708200180003510000170005324500520007025000120012226000500013430000760018470000160026085600860027620250621073635.0 a0-07-295358-6 aLM 620.11 SMI aSMITH, W. F. aFoundation of Materials Science and Engineering a4th Ed. aBoston,bMcGraw Hill Higher Education,c2006. axxi,1032p.: ill.; figure, pictures, tables.bIndex & references.c24cm. aHASHEMI, J. yAccess Book OnlinefFoundation of Materials Science and Engineeringdwww.mhhe.com